000 00476nam a2200193Ia 4500
005 20250423101641.0
008 250422s9999 xx 000 0 und d
020 _a0-07-056687-9
050 _aTA350.7.S54/
100 _aJoseph F. Shelley, Ph.D., P.E
245 0 _aVector Mechanics for Engineers Volume II Dynamics
250 _aFirst Edition
260 _aUSA
260 _bMcGraw-Hill
260 _c1980
300 _a709 p
650 _aEngineering
942 _cBK
999 _c36870
_d36870